20 figure painters and how they work : (Record no. 17804)
[ view plain ]
| 000 -LEADER | |
|---|---|
| fixed length control field | 01032cam a2200301 i 4500 |
| 001 - CONTROL NUMBER | |
| control field | 375675 |
| 005 - DATE AND TIME OF LATEST TRANSACTION | |
| control field | 20161129115915.0 |
| 008 - FIXED-LENGTH DATA ELEMENTS--GENERAL INFORMATION | |
| fixed length control field | 781115s1979 nyua 001 0beng |
| 010 ## - LIBRARY OF CONGRESS CONTROL NUMBER | |
| LC control number | 78021148 |
| 020 ## - INTERNATIONAL STANDARD BOOK NUMBER | |
| International Standard Book Number | 0823054896 |
| 040 ## - CATALOGING SOURCE | |
| Original cataloging agency | DLC |
| Transcribing agency | DLC |
| Modifying agency | DLC |
| 050 00 - LIBRARY OF CONGRESS CALL NUMBER | |
| Classification number | ND1292 |
| Item number | .T83 1979 |
| 245 00 - TITLE STATEMENT | |
| Title | 20 figure painters and how they work : |
| Remainder of title | from the pages of American artist / |
| Statement of responsibility, etc. | edited by Susan E. Meyer. |
| 260 ## - PUBLICATION, DISTRIBUTION, ETC. (IMPRINT) | |
| Place of publication, distribution, etc. | New York : |
| Name of publisher, distributor, etc. | Watson-Guptill Publications, |
| Date of publication, distribution, etc. | 1979. |
| 300 ## - PHYSICAL DESCRIPTION | |
| Extent | 175 p. : |
| Other physical details | ill. (some col.) ; |
| Dimensions | 31 cm. |
| 500 ## - GENERAL NOTE | |
| General note | Includes index. |
| 650 #0 - SUBJECT ADDED ENTRY--TOPICAL TERM | |
| Topical term or geographic name as entry element | Human figure in art. |
| 650 #0 - SUBJECT ADDED ENTRY--TOPICAL TERM | |
| Topical term or geographic name as entry element | Human beings in art. |
| 650 #0 - SUBJECT ADDED ENTRY--TOPICAL TERM | |
| Topical term or geographic name as entry element | Painting |
| General subdivision | Technique. |
| 650 #0 - SUBJECT ADDED ENTRY--TOPICAL TERM | |
| Topical term or geographic name as entry element | Painting, American. |
| 700 1# - ADDED ENTRY--PERSONAL NAME | |
| Personal name | Meyer, Susan E. |
| 730 ## - ADDED ENTRY--UNIFORM TITLE | |
| Uniform title | American artist. |
| 942 ## - ADDED ENTRY ELEMENTS (KOHA) | |
| Source of classification or shelving scheme | |
| Koha item type | Hard Covered Materials |
| Classification part | ND1292 .T83 1979 |
| Withdrawn status | Lost status | Source of classification or shelving scheme | Damaged status | Not for loan | Home library | Current library | Shelving location | Date acquired | Source of acquisition | Total Checkouts | Full call number | Barcode | Date last seen | Price effective from | Koha item type |
|---|---|---|---|---|---|---|---|---|---|---|---|---|---|---|---|
| MACHAKOS UNIVERSITY LIBRARY | MACHAKOS UNIVERSITY LIBRARY | Open shelf | 29/11/2016 | Donation (B.F.A) | ND1292 .T83 1979 | 28941 | 29/11/2016 | 29/11/2016 | Hard Covered Materials |